Emerging Research in Computing, Information, Communication and Applications ERCICA 2018, Volume 1 /

This book presents selected papers from the International Conference on Emerging Research in Computing, Information, Communication and Applications, ERCICA 2018. The conference provided an interdisciplinary forum for researchers, professional engineers and scientists, educators, and technologists to...

Πλήρης περιγραφή

Λεπτομέρειες βιβλιογραφικής εγγραφής
Συγγραφή απο Οργανισμό/Αρχή: SpringerLink (Online service)
Άλλοι συγγραφείς: Shetty, N. R. (Επιμελητής έκδοσης, http://id.loc.gov/vocabulary/relators/edt), Patnaik, L. M. (Επιμελητής έκδοσης, http://id.loc.gov/vocabulary/relators/edt), Nagaraj, H. C. (Επιμελητής έκδοσης, http://id.loc.gov/vocabulary/relators/edt), Hamsavath, Prasad Naik (Επιμελητής έκδοσης, http://id.loc.gov/vocabulary/relators/edt), Nalini, N. (Επιμελητής έκδοσης, http://id.loc.gov/vocabulary/relators/edt)
Μορφή: Ηλεκτρονική πηγή Ηλ. βιβλίο
Γλώσσα:English
Έκδοση: Singapore : Springer Singapore : Imprint: Springer, 2019.
Έκδοση:1st ed. 2019.
Σειρά:Advances in Intelligent Systems and Computing, 882
Θέματα:
Διαθέσιμο Online:Full Text via HEAL-Link
LEADER 04405nam a2200541 4500
001 978-981-13-5953-8
003 DE-He213
005 20191029012014.0
007 cr nn 008mamaa
008 190502s2019 si | s |||| 0|eng d
020 |a 9789811359538  |9 978-981-13-5953-8 
024 7 |a 10.1007/978-981-13-5953-8  |2 doi 
040 |d GrThAP 
050 4 |a TK1-9971 
072 7 |a TJK  |2 bicssc 
072 7 |a TEC041000  |2 bisacsh 
072 7 |a TJK  |2 thema 
082 0 4 |a 621.382  |2 23 
245 1 0 |a Emerging Research in Computing, Information, Communication and Applications  |h [electronic resource] :  |b ERCICA 2018, Volume 1 /  |c edited by N. R. Shetty, L. M. Patnaik, H. C. Nagaraj, Prasad Naik Hamsavath, N. Nalini. 
250 |a 1st ed. 2019. 
264 1 |a Singapore :  |b Springer Singapore :  |b Imprint: Springer,  |c 2019. 
300 |a XXIV, 696 p. 386 illus., 247 illus. in color.  |b online resource. 
336 |a text  |b txt  |2 rdacontent 
337 |a computer  |b c  |2 rdamedia 
338 |a online resource  |b cr  |2 rdacarrier 
347 |a text file  |b PDF  |2 rda 
490 1 |a Advances in Intelligent Systems and Computing,  |x 2194-5357 ;  |v 882 
505 0 |a Chapter 1: A Computational Segmentation Tool for Processing Patient Brain MRI Image Data to Automatically Extract Gray and White Matter Regions -- Chapter 2: Developing Ontology for Smart Irrigation of Vineyards -- Chapter 3: An Intensive Review of Data Replication Algorithms for Cloud Systems -- Chapter 4: integrated cryptography for internet of things using tbf approach -- Chapter 5: Data Governance on Local Storage in Offsite -- Chapter 6: Extraction of Character Personas from Novels using Dependency Trees and Pos Tags -- Chapter 7: A Multifactor Authentication Model to mitigate the Phishing Attack of e-Service Systems from Bangladesh Perspective -- Chapter 8: Study on Energy Efficient and Lifetime Enhanced Clustering Algorithm based Routing Protocols in Wireless Sensor Network -- Chapter 9: DigiPen: An Intelligent Pen using Accelerometer for Character Recognition -- Chapter 10: Multi-language Handwritten Recognition in DWT Accuracy Anlaysis -- Chapter 11: A survey on Intelligent Transportation System using Internet of Things -- Chapter 12: Organizational digital footprint for traceability, provenance approach -- Chapter 13: Organizational digital footprint for traceability, provenance approach -- Chapter 14: Movie Recommendation System -- Chapter 15: A Semi-Automated Question Paper Builder using Long Short-Term Memory Neural Networks. 
520 |a This book presents selected papers from the International Conference on Emerging Research in Computing, Information, Communication and Applications, ERCICA 2018. The conference provided an interdisciplinary forum for researchers, professional engineers and scientists, educators, and technologists to discuss, debate and promote research and technology in the emerging areas of computing, information, communication and their applications. The book discusses these research areas, providing a valuable resource for researchers and practicing engineers alike. 
650 0 |a Electrical engineering. 
650 0 |a Computational intelligence. 
650 0 |a Computer communication systems. 
650 1 4 |a Communications Engineering, Networks.  |0 http://scigraph.springernature.com/things/product-market-codes/T24035 
650 2 4 |a Computational Intelligence.  |0 http://scigraph.springernature.com/things/product-market-codes/T11014 
650 2 4 |a Computer Communication Networks.  |0 http://scigraph.springernature.com/things/product-market-codes/I13022 
700 1 |a Shetty, N. R.  |e editor.  |4 edt  |4 http://id.loc.gov/vocabulary/relators/edt 
700 1 |a Patnaik, L. M.  |e editor.  |4 edt  |4 http://id.loc.gov/vocabulary/relators/edt 
700 1 |a Nagaraj, H. C.  |e editor.  |4 edt  |4 http://id.loc.gov/vocabulary/relators/edt 
700 1 |a Hamsavath, Prasad Naik.  |e editor.  |4 edt  |4 http://id.loc.gov/vocabulary/relators/edt 
700 1 |a Nalini, N.  |e editor.  |4 edt  |4 http://id.loc.gov/vocabulary/relators/edt 
710 2 |a SpringerLink (Online service) 
773 0 |t Springer eBooks 
776 0 8 |i Printed edition:  |z 9789811359521 
776 0 8 |i Printed edition:  |z 9789811359545 
830 0 |a Advances in Intelligent Systems and Computing,  |x 2194-5357 ;  |v 882 
856 4 0 |u https://doi.org/10.1007/978-981-13-5953-8  |z Full Text via HEAL-Link 
912 |a ZDB-2-ENG 
950 |a Engineering (Springer-11647)